| 000 | 004740000a22001930004500 | ||
|---|---|---|---|
| 001 | 000863 | ||
| 003 | MACL | ||
| 005 | 20150730160515.0 | ||
| 008 | 150730b xxu||||| |||| 00| 0 eng d | ||
| 040 |
_aMACL _cMACL |
||
| 041 | _aEnglish | ||
| 082 | _a345/SHA | ||
| 100 |
_aShahi, M.P. _93532 |
||
| 245 |
_aCrime And Corruption In The Digital Age _cM.P. Shahi |
||
| 260 |
_aDelhi _c2000 _bAuthors Press, |
||
| 350 | _a450 | ||
| 650 |
_aCriminal Law _93389 |
||
| 942 |
_k345 _cBK _2ddc |
||
| 999 |
_c861 _d861 |
||